00538nam a2200193Ia 4500003000900000008004100009040001300050040001300063041000800076100002300084245015600107250001000263260002100273260000900294300001100303300001000314490000600324600001400330IT-RoPAU120407s9999 xx 000 0 und d aIT-RoPAU cIT-RoPAU aita aCristoforo Pezzini aLa politica del lavoro. Relazione e discorso sul bilancio del Ministero del lavoro e della previdenza sociale per l’esercizio finanziario 1958-1959. aRoma  aTip. del Senato  c1958 a132 p. c21 cm v1 a1. Lavoro